000 00501nam a2200217Ia 4500
003 OSt
005 20220912144003.0
006 a|||||r|||| 00| 0
007 ta
008 220909b |||||||| |||| 00| 0 eng d
024 _a199550
037 _cTextual
040 _beng
041 _aeng
082 _aC4, L4;L6
100 _aRajam J B
245 0 _aText book of heat and thermodynamics
300 _ap.
_ccm
942 _hC4, L4;L6
_cTEXL
_2CC
999 _c143
_d143